Konštrukcia a výroba nástrojov na spracovanie plastov s počítačovou podporou
Na minha lista:
| Autor principal: | |
|---|---|
| Outros Autores: | |
| Formato: | Manuscrito Livro |
| Idioma: | eslovaco |
| Publicado em: |
2019
|
| Assuntos: | |
| Acesso em linha: | http://is.stuba.sk/zp/portal_zp.pl?podrobnosti=143563 |
| Tags: |
Sem tags, seja o primeiro a adicionar uma tag!
|
MARC
| LEADER | 00000ntm a22000003a 4500 | ||
|---|---|---|---|
| 001 | stuzp72825 | ||
| 003 | SK-STU | ||
| 005 | 20190615212133.6 | ||
| 007 | ta | ||
| 008 | 150427s2015----xo-----f-mn---000-0-slo-d | ||
| 040 | |a STU |b slo | ||
| 041 | 0 | |a slo | |
| 100 | 1 | |a Bartík, Tomáš |u 063000 |k Z4 |4 aut |U MTF Materiálovotechnologická fakulta |T MTF Ústav výrobných technológií |X 46911 |U M3000 |Y 83 |7 46911 | |
| 242 | 0 | 1 | |a Computer aided design and production of tools for plastic processing |y eng |
| 245 | 1 | 0 | |a Konštrukcia a výroba nástrojov na spracovanie plastov s počítačovou podporou |
| 260 | |c 2019 | ||
| 650 | 4 | |a plasty |2 slo | |
| 650 | 4 | |a návrh nástroja |2 slo | |
| 650 | 4 | |a konštrukcia nástroja |2 slo | |
| 650 | 4 | |a výroba nástroja |2 slo | |
| 650 | 4 | |a vstrekovacia forma |2 slo | |
| 650 | 4 | |a vstrekovanie |2 slo | |
| 650 | 4 | |a počítačová podpora |2 slo | |
| 650 | 4 | |a CAD |2 slo | |
| 650 | 4 | |a CAM |2 slo | |
| 650 | 4 | |a plastics |2 eng | |
| 650 | 4 | |a tool design |2 eng | |
| 650 | 4 | |a construction of tool |2 eng | |
| 650 | 4 | |a tool makig |2 eng | |
| 650 | 4 | |a injection mold |2 eng | |
| 650 | 4 | |a injection |2 eng | |
| 650 | 4 | |a computer aided |2 eng | |
| 650 | 4 | |a CAD |2 eng | |
| 650 | 4 | |a CAM |2 eng | |
| 700 | 1 | |a Bílik, Jozef |u 063400 |k Z1 |4 ths |U MTF Ústav výrobných technológií |T MTF Katedra tvárnenia kovov a plastov |X 1547 |U M3400 |Y 163 |7 A000001547 | |
| 856 | 4 | |u http://is.stuba.sk/zp/portal_zp.pl?podrobnosti=143563 | |
| 996 | |c M* DP-13946 |l MMSKP |s P |a 0 |w stuzp72825_0001 | ||